000 00660cam a2200181 4500
001 X109645
008 000000n2000 000 0 eng u
035 _a(Sirsi) u109645
245 _aBiggin Hill v Bromley LBC
260 _c2000
490 _aNew Property Cases
_v[2000]NPC 130
520 _aChd 21 November 2000. A complex construction of a lease gives to the airport operator the right to fly all aviation services from Biggin Hill. (Taken from abstract) NB NO PHOTOCOPYING ALLOWED
650 _aBIGGIN HILL V BROMLEY LBC
650 _aAIRPORTS
650 _aLEASE TERMS
690 _aLANDLORD AND TENANT-BUSINESS TENANCIES-CASE LAW
942 _n0
999 _c65460
_d65460